| 000 | 00519nam a2200181Ia 4500 | ||
|---|---|---|---|
| 001 | 9109 | ||
| 005 | 20260306160659.0 | ||
| 008 | 260306t2005||||xx |||||||||||||| ||spa|| | ||
| 041 | _aESP | ||
| 082 |
_a372.7 _bB24 |
||
| 100 |
_aBaroody, Arthur J. _eAUT |
||
| 245 | 0 |
_aEl pensamiento matemático de los niños: _bun marco evolutivo para maestros de preescolar, ciclo inicial y educación especial |
|
| 260 | _c2005 | ||
| 300 |
_a269 páginas : _c24 cm. |
||
| 650 | _aGEN | ||
| 654 | _aCED | ||
| 942 |
_cLIB _dJUS _fJUS _2ddc _n |
||
| 999 |
_c9109 _d9109 |
||